00531nam a22001697a 450000500170000001000150001702000260003203500130005803700130007108200190008424501050010326000390020827000460024730000250029370000190031870000240033720150715110206.0 aENG-113144 a9788184248449c750.00 aEN-96676 bDBAD/PUB a303.4825405493 aIndia-Sri Lanka relations :cedited by R. Sidda Goud [and] Manisha Mookherjeebstrengthening SAARC / aNew DelhibAllied Publishersc2013 a1/13-14 Asaf Ali Road,bNew Delhie110002 axxii,333p.c23cm(Hb) aGoud, R. Sidda aMookherjee, Manisha